00563cam a22001811 4500001001300000003000400013005001700017008004100034010001700075040001800092050001600110100002200126245012100148260005000269300002300319700002200342999001700364c 98000337 DLC20260227111040.0801209s1898 inu 000 0 eng  ac 98000337  aDLCcDLCdDLC00aM2193b.O581 aHildebrand, E. T.10aOnward and upward;ba collection of gospel songs ...cContributing editors, J. C. Gilbert, L. A. Brown, J. D. Brunk. aLogansport, Ind.,bThe Home music co.,c1898. a112 p.c8⁰. cop.1 aVaughan, James D. c13263d13263